000
00279nam a2200121Ia 4500
008
240624s9999 xx 000 0 und d
041
_a
eng
082
_a
005.758 KHU
100
_a
KHURANA REEMA
245
_a
WINDOWS NT SERVER
260
_c
2000
_a
New Delhi
_b
Excel Books
300
_a
151
999
_c
36
_d
36